000 00424nam a2200157 4500
001 121437
003 ES-MaACL
005 20230906191742.0
007 t|
008 070214s1969 sp r ||||1| spa d
100 1 _aPorcel, Baltasar.
_993114
245 1 3 _aEl conflicto árabe israelí /
_cBaltasar Porcel.
260 _aBarcelona :
_bAriel,
_c1969.
300 _a182 p. ;
_c18 cm.
852 _aES-MaACL
_jC-37223
_bR.69519
999 _c121437
_d121437